000
00199nam a2200097 4500
999
_c
530809
_d
530809
040
_c
DLC
082
_a
891.4391
_b
AMJ
100
_a
Amjad Islam Amjad
_9
9447
245
_a
Satwaan Dar
942
_2
ddc
_c
BK